<?xml version="1.0" encoding="UTF-8"?>
<marc:record xmlns:marc="http://www.loc.gov/MARC21/slim">
   <marc:leader>00000nam a2200000 a 4500</marc:leader>
   <marc:datafield ind1="1" ind2=" " tag="100">
      <marc:subfield code="a">Kabacali, Alpay</marc:subfield>
      <marc:subfield code="4">aut</marc:subfield>
      <marc:subfield code="e">Verfasser/-in</marc:subfield>
   </marc:datafield>
   <marc:datafield ind1="0" ind2="0" tag="245">
      <marc:subfield code="a">Nasreddin Hodscha</marc:subfield>
   </marc:datafield>
   <marc:datafield ind1="0" ind2="0" tag="245">
      <marc:subfield code="c">Kabacali, Alpay</marc:subfield>
   </marc:datafield>
   <marc:datafield ind1=" " ind2="1" tag="264">
      <marc:subfield code="c">1992</marc:subfield>
   </marc:datafield>
   <marc:datafield ind1=" " ind2=" " tag="250">
      <marc:subfield code="a">4. Auflage</marc:subfield>
   </marc:datafield>
   <marc:datafield ind1="1" ind2=" " tag="520">
      <marc:subfield code="a">NASREDDIN HODSCHA UND SEINE ANEKDOTEN&#xD;
Schlagfertigkeit, Witz, gesunder Menschenverstand... Naivität, Eigenartigkeit... Eine originelle Humorkapazität, die menschliche Psychologie wiedergibt, sogar Religions- und Staatssystem kritisiert, aber zuletzt alles auf gütlichem Wege bereinigt... All diese Aspekte kommen zusammen und bilden eine in sich eigene Logik: Die Logik des Nasred- din Hodscha.</marc:subfield>
   </marc:datafield>
   <marc:datafield ind1=" " ind2=" " tag="020">
      <marc:subfield code="a">9789754791242</marc:subfield>
      <marc:subfield code="9">9789754791242</marc:subfield>
   </marc:datafield>
   <marc:datafield ind1=" " ind2=" " tag="041">
      <marc:subfield code="a">ger</marc:subfield>
   </marc:datafield>
   <marc:datafield ind1=" " ind2=" " tag="300">
      <marc:subfield code="a">83 Seiten</marc:subfield>
   </marc:datafield>
</marc:record>
